Statistics for 2020 NHL Playoff Teams

Click here to take the quiz!

General Stats

  • This quiz has been taken 277 times
  • The average score is 13 of 16

Answer Stats

#Team% Correct
2Tampa Bay Lightning
95%
1Philadelphia Flyers
90%
3Washington Capitals
90%
4Boston Bruins
88%
3Dallas Stars
88%
8Montreal Canadiens
86%
1Vegas Golden Knights
85%
6New York Islanders
84%
5Carolina Hurricanes
83%
2Colorado Avalanche
82%
4St. Louis Blues
81%
5Vancouver Canucks
81%
6Calgary Flames
79%
7Columbus Blue Jackets
78%
8Chicago Blackhawks
76%
7Arizona Coyotes
66%

Score Distribution

Percentile by Number Answered

Percent of People with Each Score

Your Score History

You have not taken this quiz